Great Lakes Consonants Quiz Stats

 Plays Quiz Updated Aug 8, 2017

Support Sporcle.
Go Orange.
Score 0/9 Timer 00:30
0 Plays Today
% Correct
???
93.4%
???
91.3%
???
89.5%
???
86.5%
???
84.1%
???
80.5%
???
80.1%
???
78.6%
???
71.3%

You're not logged in!

Compare scores with friends on all Sporcle quizzes.
OR
Log In
Forgot?

From the Vault

Figure Out the Lyrics: TV Theme VI

by BGCollector

Once you figure out the song, you won't get it out of your head for a week.
Remove Ads.
Support Sporcle.
Get the best of Sporcle when you Go Orange. This ad-free experience offers more features, more stats, and more fun while also helping to support Sporcle. Thank you for becoming a member.

Show Comments

Extras

Top Quizzes Today


Score Distribution

Your Account Isn't Verified!

In order to create a playlist on Sporcle, you need to verify the email address you used during registration. Go to your Sporcle Settings to finish the process.

Report this User

Report this user for behavior that violates our Community Guidelines.

Details: